000 01104nam a2200289Ia 4500
003 GCL
008 140319s9999 xx 000 0 ara d
020 _a0516232977
040 _aGCL /
_cGCL
082 0 4 _a370.11
_bم م
100 1 _aمجدى عزيز ابراهيم
245 1 0 _aمنظومة التربية فى الوطن العربى :
_bالواقع الحالى والمستقبل المامول /
_cمجدى عزيز ابراهيم
250 _aالاولى
260 _aالقاهرة :
_bعالم الكتب ،
_c2006
300 _a860 ص ؛
_c24 سم
650 0 4 _aطرق التدريس
650 0 4 _aالتخطيط التربوى
650 0 4 _aالوسائل التعليمية
650 0 4 _aالتعليم - مناهج
650 0 4 _aالمناهج - تخطيط
650 0 4 _aالتعليم بالانترنت
650 0 4 _aالمدرسون - التنمية المهنية
650 0 4 _aالتعليم - الوسائل السمعية والبصرية
650 0 4 _aالتعليم والعولمة
650 0 4 _aالتعليم - طرق تجريبية
942 _2ddc
_cBK
999 _c9750
_d9750